| 000 | 00566nam a2200169Ia 4500 | ||
|---|---|---|---|
| 003 | LDD | ||
| 008 | 190117s9999 xx 000 0 und d | ||
| 020 | _c₹25 | ||
| 040 | _cLDD | ||
| 041 | _ahi | ||
| 082 | _a8H8.703 न 1664 म | ||
| 100 | _aनगेन्द्र | ||
| 245 | 0 |
_aमहादेवी वर्मा _b संस्मरण और समीक्षा तथा अन्य निबन्ध _cनगेन्द्र |
|
| 260 |
_aनई दिल्ली _bपीताम्बर _c1989 |
||
| 300 | _a82प्र. | ||
| 942 |
_2ddc _cH |
||
| 999 |
_c161893 _d161893 |
||